Library Banner

Calculus (Record no. 27493)

MARC details
000 -LEADER
fixed length control field 00505nam a2200205Ia 4500
001 - CONTROL NUMBER
control field 27355
008 - FIXED-LENGTH DATA ELEMENTS--GENERAL INFORMATION
fixed length control field 140414s9999 xx 000 0 und d
020 ## - INTERNATIONAL STANDARD BOOK NUMBER
International Standard Book Number 0-13-660135-9
040 ## - CATALOGING SOURCE
Transcribing agency PK-LaUMT
082 ## - DEWEY DECIMAL CLASSIFICATION NUMBER
Classification number 515
Item number BRA-C
100 ## - MAIN ENTRY--PERSONAL NAME
Personal name Gerald L. Bradley
245 ## - TITLE STATEMENT
Title Calculus
Statement of responsibility, etc Gerald L. Bradley<>Karl J. Smith
250 ## - EDITION STATEMENT
Edition statement 2nd
260 ## - PUBLICATION, DISTRIBUTION, ETC. (IMPRINT)
Place of publication, distribution, etc Upper Saddle River,USA:
Name of publisher, distributor, etc Prentice Hall,
Date of publication, distribution, etc 1999
300 ## - PHYSICAL DESCRIPTION
Extent 1070+106 p.
546 ## - LANGUAGE NOTE
Language note EN
650 ## - SUBJECT ADDED ENTRY--TOPICAL TERM
Topical term or geographic name as entry element Calculus
700 ## - ADDED ENTRY--PERSONAL NAME
Personal name Karl J. Smith
942 ## - ADDED ENTRY ELEMENTS (KOHA)
Koha item type Books
Holdings
Withdrawn status Lost status Damaged status Not for loan Home library Current library Date acquired Total Checkouts Full call number Barcode Date last seen Date checked out Price effective from Koha item type
        UMT Main Campus UMT Main Campus 2014-04-14 4 515 BRA-C 30927 2022-02-01 2022-01-21 2014-04-25 Books